[Event "POL-ch U18"]
[Site "Leba"]
[Date "2007.03.31"]
[Round "10"]
[White "Leczek, Wiktor"]
[Black "Dubinski, Mateusz"]
[Result "0-1"]
[WhiteElo "1863"]
[BlackElo "2077"]
[PlyCount "36"]
[EventDate "2007.03.24"]
[EventType "swiss"]
[EventRounds "11"]
[EventCountry "POL"]
[SourceTitle "EXT 2011"]
[Source "ChessBase"]
[SourceDate "2010.11.26"]
[SourceVersion "1"]
[SourceVersionDate "2010.11.26"]
[SourceQuality "1"]

1. e4 c5 2. Nf3 e6 3. d4 cxd4 4. Nxd4 Nc6 5. c4 Nf6 6. Nc3 Bb4 7. f3 d5 8. exd5 exd5 9. Nxc6 bxc6 10. cxd5 0-0 11. Be2 Qb6 12. Bd2 Re8 13. Na4 Qa5 14. Bxb4 Qxb4+ 15. Kf2 Nxd5 16. Re1 Ne3 17. Qb3 Qd4 18. Kg1 Nd1+ 0-1

[Event "POL-ch U18"]
[Site "Leba"]
[Date "2007.03.29"]
[Round "8"]
[White "Zielinski, Stanislaw"]
[Black "Leczek, Wiktor"]
[Result "1-0"]
[WhiteElo "2106"]
[BlackElo "1863"]
[PlyCount "69"]
[EventDate "2007.03.24"]
[EventType "swiss"]
[EventRounds "11"]
[EventCountry "POL"]
[SourceTitle "EXT 2011"]
[Source "ChessBase"]
[SourceDate "2010.11.26"]
[SourceVersion "1"]
[SourceVersionDate "2010.11.26"]
[SourceQuality "1"]

1. e4 c5 2. Nf3 e6 3. d4 cxd4 4. Nxd4 Nf6 5. Nc3 Bb4 6. e5 Nd5 7. Qg4 Nxc3 8. Qxg7 Rf8 9. a3 Nb5+ 10. axb4 Nxd4 11. Bg5 Nxc2+ 12. Kd1 Qxg5 13. Qxg5 Nxa1 14. Qc1 Nc6 15. Qxa1 Nxe5 16. Qa5 Nc6 17. Qa3 b6 18. g3 Bb7 19. Bg2 d5 20. Re1 0-0-0 21. Ke2 Kb8 22. Kf1 Rg8 23. b5 Nd4 24. Qa4 Nf5 25. Ra1 Nd6 26. Qxa7+ Kc7 27. Rc1+ Nc4 28. Rxc4+ dxc4 29. Qxb7+ Kd6 30. Qxb6+ Ke5 31. Qc5+ Kf6 32. Qxc4 Rd1+ 33. Ke2 Rgd8 34. Qc3+ Ke7 35. b6 1-0

[Event "POL-ch U18"]
[Site "Leba"]
[Date "2007.03.26"]
[Round "4"]
[White "Baturo, Tomasz"]
[Black "Leczek, Wiktor"]
[Result "1-0"]
[WhiteElo "2048"]
[BlackElo "1863"]
[PlyCount "81"]
[EventDate "2007.03.24"]
[EventType "swiss"]
[EventRounds "11"]
[EventCountry "POL"]
[SourceTitle "EXT 2011"]
[Source "ChessBase"]
[SourceDate "2010.11.26"]
[SourceVersion "1"]
[SourceVersionDate "2010.11.26"]
[SourceQuality "1"]

1. e4 c5 2. Nc3 Nc6 3. g3 g6 4. Bg2 Bg7 5. d3 e6 6. Be3 Nd4 7. Qd2 d6 8. Nd1 Rb8 9. c3 Nc6 10. Ne2 b5 11. 0-0 b4 12. f4 Nge7 13. d4 bxc3 14. bxc3 cxd4 15. cxd4 Ba6 16. Re1 0-0 17. Nf2 d5 18. e5 Nf5 19. Nd3 Nxe3 20. Qxe3 Qa5 21. Rec1 Nb4 22. Nc5 Rfc8 23. a3 Nc6 24. Bf1 Bf8 25. g4 Bxe2 26. Bxe2 Nxd4 27. Nd7 Nc2 28. Qh3 Be7 29. Nxb8 Bc5+ 30. Kh1 Nxa1 31. Nd7 Qd2 32. Qf1 Nb3 33. Rd1 Qa5 34. Qh3 Qa4 35. Nf6+ Kf8 36. Qxh7 Ke7 37. Qh4 Kd8 38. Nxd5+ Ke8 39. Nf6+ Ke7 40. Nd5+ Ke8 41. Nc7+ 1-0

[Event "POL-ch U18"]
[Site "Leba"]
[Date "2007.03.25"]
[Round "3"]
[White "Zysko, Jan"]
[Black "Leczek, Wiktor"]
[Result "1/2-1/2"]
[WhiteElo "2003"]
[BlackElo "1863"]
[PlyCount "166"]
[EventDate "2007.03.24"]
[EventType "swiss"]
[EventRounds "11"]
[EventCountry "POL"]
[SourceTitle "EXT 2011"]
[Source "ChessBase"]
[SourceDate "2010.11.26"]
[SourceVersion "1"]
[SourceVersionDate "2010.11.26"]
[SourceQuality "1"]

1. e4 c5 2. Nf3 e6 3. d4 cxd4 4. Nxd4 Nf6 5. Nc3 Nc6 6. Ndb5 d6 7. Bf4 e5 8. Bg5 a6 9. Na3 Be7 10. Bxf6 gxf6 11. Nc4 f5 12. exf5 Bxf5 13. Nd5 Nd4 14. Nce3 Be6 15. c3 Nf5 16. Nxf5 Bxf5 17. Bd3 Be6 18. Bc2 Qa5 19. Bb3 Rg8 20. Nxe7 Kxe7 21. Bxe6 Kxe6 22. Qf3 Qd5 23. Qh3+ Ke7 24. 0-0 Rg7 25. g3 Qf3 26. Qh4+ f6 27. Rfe1 Rag8 28. Rad1 h5 29. Qb4 Qc6 30. Qh4 Rh7 31. Re4 Ke6 32. Rb4 Qf3 33. Qc4+ d5 34. Rb6+ Kf5 35. Qxd5 Qxd5 36. Rxd5 h4 37. Rdd6 Rg6 38. Kg2 hxg3 39. hxg3 Rf7 40. Kf3 Rh6 41. Rd8 Rhh7 42. Rg8 Rhg7 43. Rxg7 Rxg7 44. Rd6 Re7 45. Ke3 Rf7 46. c4 Rc7 47. Kd3 Kg5 48. f3 Rh7 49. Ke3 Rh2 50. Rd2 Rh3 51. g4 Rh7 52. b4 Rc7 53. Rc2 Rd7 54. a4 Rd1 55. b5 Re1+ 56. Kf2 Ra1 57. bxa6 b6 58. Rb2 Rxa4 59. a7 Rxa7 60. Rxb6 Rc7 61. Rb4 f5 62. Rb5 fxg4 63. Rxe5+ Kf6 64. Re4 gxf3 65. Kxf3 Kf5 66. Ke3 Rc8 67. Kd3 Rd8+ 68. Rd4 Rc8 69. Rd5+ Ke6 70. Kd4 Rh8 71. Kc3 Rb8 72. Rd1 Rc8 73. Kb4 Rb8+ 74. Ka5 Rc8 75. Rd4 Ke5 76. Rd5+ Ke6 77. Kb5 Rb8+ 78. Kc5 Rc8+ 79. Kd4 Rh8 80. Rg5 Kd6 81. c5+ Kc6 82. Rg6+ Kc7 83. Kc4 Rh1 1/2-1/2

[Event "Podhale-ch 23rd"]
[Site "Rabka Zdroj"]
[Date "2007.01.13"]
[Round "2"]
[White "Kasperek, Rafal"]
[Black "Leczek, Wiktor"]
[Result "1/2-1/2"]
[WhiteElo "2023"]
[BlackElo "1863"]
[PlyCount "82"]
[EventDate "2007.01.12"]
[EventType "swiss"]
[EventRounds "9"]
[EventCountry "POL"]
[SourceTitle "EXT 2011"]
[Source "ChessBase"]
[SourceDate "2010.11.26"]
[SourceVersion "1"]
[SourceVersionDate "2010.11.26"]
[SourceQuality "1"]

1. e4 c5 2. Nf3 d6 3. d4 cxd4 4. Qxd4 Nc6 5. Bb5 Bd7 6. Bxc6 Bxc6 7. Nc3 Nf6 8. Bg5 Rc8 9. 0-0-0 Qc7 10. Qd3 a6 11. Nd4 b5 12. Bxf6 gxf6 13. Nf5 Bd7 14. Rhe1 Qc4 15. Qd2 Rc6 16. Kb1 e6 17. Ne3 Qc5 18. f4 Rb6 19. e5 f5 20. g4 b4 21. Ne2 fxg4 22. Nxg4 Be7 23. Ng3 d5 24. Nh5 Kd8 25. Nhf6 h5 26. Nxd7 Kxd7 27. Ne3 a5 28. Qg2 Kc7 29. Qg7 Rf8 30. f5 d4 31. f6 Bxf6 32. exf6 dxe3 33. Rxe3 Rc6 34. Re2 Kc8 35. Red2 Rc7 36. Qg2 Qc6 37. Qh3 Rh8 38. Qg3 Kb7 39. Qf4 Rg8 40. Qe5 Qc5 41. Qe4+ Qc6 1/2-1/2